Surgical treatment of haemorrhoids / (Record no. 1144)

MARC details
000 -LEADER
fixed length control field 01368cam a22003614a 4500
001 - CONTROL NUMBER
control field 12408050
003 - CONTROL NUMBER IDENTIFIER
control field OSt
005 - DATE AND TIME OF LATEST TRANSACTION
control field 20150303174451.0
008 - FIXED-LENGTH DATA ELEMENTS--GENERAL INFORMATION
fixed length control field 010515s2001 enka b 001 0 eng
010 ## - LIBRARY OF CONGRESS CONTROL NUMBER
LC control number 2001034455
020 ## - INTERNATIONAL STANDARD BOOK NUMBER
International Standard Book Number 1852334967 (alk. paper)
035 ## - SYSTEM CONTROL NUMBER
System control number (DNLM)101095919
040 ## - CATALOGING SOURCE
Original cataloging agency DNLM/DLC
Transcribing agency DLC
Modifying agency DLC
042 ## - AUTHENTICATION CODE
Authentication code pcc
050 00 - LIBRARY OF CONGRESS CALL NUMBER
Classification number RC865
Item number .S87 2001
060 10 - NATIONAL LIBRARY OF MEDICINE CALL NUMBER
Classification number WI 605
Item number S961 2001
082 00 - DEWEY DECIMAL CLASSIFICATION NUMBER
Classification number WI 605 S961 2001
Edition number 21
245 00 - TITLE STATEMENT
Title Surgical treatment of haemorrhoids /
Statement of responsibility, etc. Charles Mann, ed.
260 ## - PUBLICATION, DISTRIBUTION, ETC. (IMPRINT)
Place of publication, distribution, etc. London ;
-- New York :
Name of publisher, distributor, etc. Springer,
Date of publication, distribution, etc. c2001.
300 ## - PHYSICAL DESCRIPTION
Extent x, 179 p. :
Other physical details ill. ;
Dimensions 28 cm.
504 ## - BIBLIOGRAPHY, ETC. NOTE
Bibliography, etc Includes bibliographical references and index.
650 #0 - SUBJECT ADDED ENTRY--TOPICAL TERM
Topical term or geographic name as entry element Hemorrhoids
General subdivision Surgery.
9 (RLIN) 3124
650 #0 - SUBJECT ADDED ENTRY--TOPICAL TERM
Topical term or geographic name as entry element Hemorrhoids.
9 (RLIN) 3125
650 12 - SUBJECT ADDED ENTRY--TOPICAL TERM
Topical term or geographic name as entry element Hemorrhoids
General subdivision surgery.
9 (RLIN) 3126
650 22 - SUBJECT ADDED ENTRY--TOPICAL TERM
Topical term or geographic name as entry element Hemorrhoids
General subdivision diagnosis.
9 (RLIN) 3127
650 22 - SUBJECT ADDED ENTRY--TOPICAL TERM
Topical term or geographic name as entry element Hemorrhoids
General subdivision therapy.
9 (RLIN) 3128
700 1# - ADDED ENTRY--PERSONAL NAME
Personal name Mann, Charles V.
9 (RLIN) 857
856 42 - ELECTRONIC LOCATION AND ACCESS
Materials specified Publisher description
Uniform Resource Identifier http://www.loc.gov/catdir/enhancements/fy0816/2001034455-d.html
856 41 - ELECTRONIC LOCATION AND ACCESS
Materials specified Table of contents only
Uniform Resource Identifier http://www.loc.gov/catdir/enhancements/fy0816/2001034455-t.html
906 ## - LOCAL DATA ELEMENT F, LDF (RLIN)
a 7
b cbc
c orignew
d 1
e ocip
f 20
g y-gencatlg
942 ## - ADDED ENTRY ELEMENTS (KOHA)
Source of classification or shelving scheme Other/Generic Classification Scheme
Koha item type Short Loan
Holdings
Withdrawn status Lost status Source of classification or shelving scheme Damaged status Not for loan Home library Current library Date acquired Source of acquisition Inventory number Total Checkouts Full call number Barcode Date last seen Price effective from Koha item type
    Other/Generic Classification Scheme     MUST Main Library MUST Main Library 03/03/2015   2003/18281   WI 605 S961 2001 2015-0451 03/03/2015 03/03/2015 Short Loan